Administracin̤ de riesgos E.R.M. y la auditora̕ interna

Detalles Bibliográficos
Autor principal: Estupiǹ̨ Gaitǹ, Rodrigo
Formato: Desconocido
Lenguaje:español
Publicado: Bogot ̀: Ecoe, 2006
Materias:
Acceso en línea:Acceso restringido

MARC

LEADER 00000ny a22000003n 4500
005 2011061700590.0
008 031107s2006 ck 000 0 spa d
020 |a 9789586484343 
035 |a 3377 
040 |a BUS  |d vLex 
080 |a 657 (861) 
090 |c 803  |d 803 
100 1 |a Estupiǹ̨ Gaitǹ, Rodrigo 
245 1 0 |a Administracin̤ de riesgos E.R.M. y la auditora̕ interna  |h [Recurso electrn̤ico]  |c Rodrigo Estupiǹ̨ Gaitǹ 
256 |a Servicio en ln̕ea 
260 |a Bogot ̀:  |b Ecoe,  |c 2006 
300 |a p. ;  |c cm 
506 1 |a Contenido solo disponible en los productos indicados  |d vLex Global  |d vLex Global (Academic Edition, excluding Law Schools)  |d vLex Global (U.S. Academic Edition, Law Schools)  |d vLex Global (U.S. Academic Edition, excluding Law Schools)  |d vLex Global (Academic Edition, Law Schools) 
650 0 4 |a Auditora̕ contable  |x Derecho  |z Colombia 
740 0 |a vLex Libros (Servicios en ln̕ea) 
856 4 0 |u http://vlex.com/source/3377  |z Acceso restringido 
942 |c BOOK 
999 0 |a Auditory  |b Bogot̀